[Event "XI GRAN TORNEO INTERNACIONAL AFICIONADOS"]
[Site "Benidorm (Alicante - SPAIN)"]
[Date "2012.12.02"]
[Round "3"]
[White "Roca Cruz, Rafael"]
[Black "Ribera Cebolla, Marc"]
[Result "0-1"]
[WhiteElo "1992"]
[BlackElo "1885"]
[PlyCount "72"]
[EventDate "2012.11.30"]
[EventRounds "10"]
[EventCountry "ESP"]

1. e4 c5 2. Nf3 e6 3. d4 cxd4 4. Nxd4 a6 5. c4 Qc7 6. Nc3 Nf6 7. Be2 b6 8. Be3
Bb7 9. Qd3 d6 10. Rc1 Nbd7 11. f3 Be7 12. O-O O-O 13. Rfd1 Rac8 14. b3 Qb8 15.
Nc2 Ne5 16. Qd2 Ba8 17. Na4 Ned7 18. Qb4 a5 19. Qd2 Rfd8 20. Nd4 d5 21. exd5
exd5 22. Bf4 Bd6 23. Bxd6 Qxd6 24. Nb5 Qb8 25. Nac3 Ne5 26. cxd5 Nxd5 27. Nxd5
Rxd5 28. Rxc8+ Qxc8 29. Qc1 Qd7 30. Rxd5 Bxd5 31. Qe3 Qe6 32. Qd2 Qd7 33. Nc3
Be6 34. Qxd7 Nxd7 35. Kf2 Ne5 36. Ke3 Kf8 0-1

[Event "XI GRAN TORNEO INTERNACIONAL AFICIONADOS"]
[Site "Benidorm (Alicante - SPAIN)"]
[Date "2012.12.02"]
[Round "3"]
[White "Sumin, Vladyslav"]
[Black "Portillo Castellon, Javier"]
[Result "1-0"]
[WhiteElo "1983"]
[BlackElo "1876"]
[PlyCount "77"]
[EventDate "2012.11.30"]
[EventRounds "10"]
[EventCountry "ESP"]

1. d4 d5 2. c4 c6 3. Nc3 Nf6 4. Nf3 a6 5. c5 Nbd7 6. e3 Qc7 7. Be2 e5 8. O-O
Be7 9. b4 O-O 10. Bb2 e4 11. Nd2 Ne8 12. f4 f5 13. a4 g5 14. g3 g4 15. b5 Nxc5
16. dxc5 Bxc5 17. Nb3 Bxe3+ 18. Kg2 axb5 19. axb5 Rxa1 20. Bxa1 Be6 21. Na4 c5
22. b6 Qc8 23. Qc2 d4 24. Bc4 d3 25. Qc3 Bxc4 26. Qxc4+ Rf7 27. Naxc5 Bxc5 28.
Nxc5 e3 29. Qd4 Qc6+ 30. Kg1 Nf6 31. Nxd3 e2 32. Re1 Rd7 33. Qxf6 Qxf6 34. Bxf6
Rxd3 35. Be5 Rb3 36. Bc7 Rb2 37. Kf2 Kf7 38. Rxe2 Rb5 39. Ke3 1-0

[Event "XI GRAN TORNEO INTERNACIONAL AFICIONADOS"]
[Site "Benidorm (Alicante - SPAIN)"]
[Date "2012.12.02"]
[Round "3"]
[White "Garcia Serrano, Jose M"]
[Black "Tonus, Alex"]
[Result "0-1"]
[WhiteElo "1902"]
[BlackElo "1980"]
[PlyCount "111"]
[EventDate "2012.11.30"]
[EventRounds "10"]
[EventCountry "ESP"]

1. e4 c5 2. d4 cxd4 3. c3 dxc3 4. Nxc3 Nc6 5. Nf3 e6 6. Bc4 Nf6 7. O-O Qc7 8.
Nb5 Qb8 9. e5 Ng4 10. Nd6+ Bxd6 11. exd6 b5 12. Bb3 Nf6 13. Re1 h6 14. Bf4 Bb7
15. Qd2 Qd8 16. Nd4 Nxd4 17. Qxd4 Qb6 18. Qxb6 axb6 19. Be3 Ra6 20. a4 bxa4 21.
Rxa4 Rxa4 22. Bxa4 Nd5 23. Rc1 Bc6 24. Bxc6 dxc6 25. Bxb6 Kd7 26. Bc5 Rb8 27.
g3 e5 28. Rc2 Rb3 29. Kg2 Nb4 30. Re2 Nd3 31. Ba3 c5 32. f4 exf4 33. Re7+ Kxd6
34. Rxf7 f3+ 35. Kh3 Nxb2 36. Bxb2 Rxb2 37. Rxf3 Re2 38. Rf8 c4 39. Rc8 Kd5 40.
Rc7 g6 41. Rd7+ Kc5 42. Rg7 Re6 43. Kg4 Kd4 44. Rd7+ Kc3 45. h4 Kc2 46. h5 c3
47. hxg6 Rxg6+ 48. Kf4 Kc1 49. Rc7 c2 50. g4 Re6 51. Kf5 Re2 52. Kg6 Rg2 53.
Kh5 Kd1 54. Rd7+ Rd2 55. Rc7 Rd6 56. Kh4 0-1

[Event "XI GRAN TORNEO INTERNACIONAL AFICIONADOS"]
[Site "Benidorm (Alicante - SPAIN)"]
[Date "2012.12.02"]
[Round "3"]
[White "Cardenas, Fernando Adrian"]
[Black "Martinez Zazo, Jesus"]
[Result "1-0"]
[WhiteElo "1980"]
[BlackElo "1863"]
[PlyCount "51"]
[EventDate "2012.11.30"]
[EventRounds "10"]
[EventCountry "ESP"]

1. Nf3 d5 2. d4 e6 3. c4 c6 4. Nc3 Nf6 5. Bg5 dxc4 6. e4 b5 7. e5 h6 8. Bh4 g5
9. Nxg5 hxg5 10. Bxg5 Nbd7 11. g3 Bb7 12. Bg2 Qb6 13. exf6 c5 14. d5 O-O-O 15.
O-O Ne5 16. Qe2 Nd3 17. dxe6 Bxg2 18. e7 Bxf1 19. exd8=Q+ Qxd8 20. Rxf1 Qd7 21.
h4 Bh6 22. Qh5 Qf5 23. Nxb5 Kd7 24. Qxf7+ Kc6 25. Qxc4 Bxg5 26. Nd4+ 1-0

[Event "XI GRAN TORNEO INTERNACIONAL AFICIONADOS"]
[Site "Benidorm (Alicante - SPAIN)"]
[Date "2012.12.02"]
[Round "3"]
[White "Kleboe, James P R"]
[Black "Busto Prendes, Abel"]
[Result "0-1"]
[WhiteElo "1902"]
[BlackElo "1973"]
[PlyCount "84"]
[EventDate "2012.11.30"]
[EventRounds "10"]
[EventCountry "ESP"]

1. e4 e6 2. d4 d5 3. Bd3 c5 4. c3 Nc6 5. Nf3 dxe4 6. Bxe4 Nf6 7. Bg5 cxd4 8.
Bxc6+ bxc6 9. Qxd4 Qxd4 10. Nxd4 Ba6 11. Nd2 Bc5 12. N2b3 Bb6 13. f3 c5 14. Nc2
Rd8 15. Nd2 Rd5 16. Bxf6 gxf6 17. O-O-O Rg8 18. g3 Rd3 19. f4 Ke7 20. Nb3 Rgd8
21. Rxd3 Rxd3 22. Rd1 e5 23. Re1 Ke6 24. fxe5 fxe5 25. Nd2 f5 26. Ne3 h5 27.
Ng2 Kf6 28. Nh4 Rd5 29. c4 Rxd2 30. Kxd2 Ba5+ 31. Kd1 Bxe1 32. Kxe1 Bxc4 33. a3
Bd5 34. Kf2 Kg5 35. Ke3 f4+ 36. Kf2 e4 37. Ng2 e3+ 38. Nxe3 fxe3+ 39. Kxe3 Kg4
40. Kf2 Kh3 41. Ke3 Kxh2 42. Kf4 Kh3 0-1

[Event "XI GRAN TORNEO INTERNACIONAL AFICIONADOS"]
[Site "Benidorm (Alicante - SPAIN)"]
[Date "2012.12.02"]
[Round "3"]
[White "Castrillon Otero, Javier"]
[Black "Sanchez Sanchez, Alberto"]
[Result "0-1"]
[WhiteElo "1897"]
[BlackElo "1968"]
[PlyCount "94"]
[EventDate "2012.11.30"]
[EventRounds "10"]
[EventCountry "ESP"]

1. d4 Nf6 2. c4 g6 3. Nc3 d5 4. Bg5 Ne4 5. Bh4 Nxc3 6. bxc3 Bg7 7. e3 c5 8. Nf3
Nc6 9. Be2 dxc4 10. Bxc4 O-O 11. O-O Qc7 12. Bg3 Qa5 13. Qb3 cxd4 14. cxd4 Qh5
15. Qb5 Qxb5 16. Bxb5 Bd7 17. Rab1 a6 18. Be2 b5 19. Rfc1 Rfc8 20. Rc5 Bf5 21.
Rb3 Na5 22. Rbc3 Rxc5 23. Rxc5 Rc8 24. Rxc8+ Bxc8 25. Ne5 Be6 26. a3 f6 27. Nd3
Bc4 28. Kf1 Bxd3 29. Bxd3 e5 30. d5 Bf8 31. a4 bxa4 32. Ke2 a3 33. Bb1 Bb4 34.
f3 Nb3 35. Kd1 a5 36. Kc2 Nc5 37. Bf2 Kf8 38. g4 Na4 39. Ba2 Nc3 40. Bc4 a2 41.
Bxa2 Nxa2 42. Kb2 Nc3 43. Bh4 g5 44. Bg3 Nd1+ 45. Kb3 Nxe3 46. h4 h6 47. hxg5
hxg5 0-1

[Event "XI GRAN TORNEO INTERNACIONAL AFICIONADOS"]
[Site "Benidorm (Alicante - SPAIN)"]
[Date "2012.12.02"]
[Round "3"]
[White "Blesa Fernandez, Francisco"]
[Black "Jimenez Chacon, Francisco"]
[Result "1/2-1/2"]
[WhiteElo "1889"]
[BlackElo "1966"]
[PlyCount "119"]
[EventDate "2012.11.30"]
[EventRounds "10"]
[EventCountry "ESP"]

1. d4 Nf6 2. c4 g6 3. Nc3 d5 4. cxd5 Nxd5 5. e4 Nxc3 6. bxc3 Bg7 7. Nf3 c5 8.
Rb1 O-O 9. Be2 Qc7 10. O-O Nc6 11. d5 Ne5 12. c4 Bg4 13. Nxe5 Bxe2 14. Qxe2
Bxe5 15. f4 Bd4+ 16. Be3 Bxe3+ 17. Qxe3 b6 18. Rf3 e6 19. f5 exf5 20. exf5 f6
21. fxg6 hxg6 22. Rg3 Kg7 23. Qe4 f5 24. Qh4 Qe5 25. Qg5 Qf6 26. Qxf6+ Rxf6 27.
Re3 Rd6 28. a4 Kf6 29. Rbe1 Rad8 30. h4 R8d7 31. Kf2 a6 32. Re6+ Kf7 33. Rxd6
Rxd6 34. Rb1 Kf6 35. Ke3 g5 36. hxg5+ Kxg5 37. g3 Kg4 38. Kf2 Rh6 39. Re1 Rh2+
40. Kg1 Rd2 41. Rb1 Kxg3 42. Rb3+ Kg4 43. Rxb6 Rd4 44. Rxa6 Rxc4 45. Rg6+ Kf3
46. Rc6 Rxa4 47. Rxc5 Rd4 48. d6 Ke4 49. Kf2 Rxd6 50. Rc4+ Ke5 51. Rc5+ Ke4 52.
Rc4+ Ke5 53. Rc5+ Kf6 54. Rc4 Kg5 55. Ra4 Rd3 56. Rb4 f4 57. Rb8 Rd2+ 58. Kf3
Rd3+ 59. Kf2 Re3 60. Rg8+ 1/2-1/2

[Event "XI GRAN TORNEO INTERNACIONAL AFICIONADOS"]
[Site "Benidorm (Alicante - SPAIN)"]
[Date "2012.12.02"]
[Round "3"]
[White "Hall, Rachid"]
[Black "Rico Sanchez, Julio"]
[Result "1-0"]
[WhiteElo "1964"]
[BlackElo "1859"]
[PlyCount "63"]
[EventDate "2012.11.30"]
[EventRounds "10"]
[EventCountry "ESP"]

1. Nf3 Nf6 2. d4 b6 3. c4 Bb7 4. Nc3 e6 5. Bg5 Be7 6. e3 O-O 7. Bd3 d5 8. O-O
Nbd7 9. Rc1 a6 10. a3 Ne4 11. Bf4 Ndf6 12. cxd5 exd5 13. Bxc7 Qd7 14. Bxb6 Bd6
15. b4 Rfc8 16. Bc5 Bb8 17. Ne5 Qe6 18. f4 Nd7 19. Nxe4 dxe4 20. Bc4 Bd5 21. f5
Qh6 22. Bxd5 Nxe5 23. dxe5 Bxe5 24. Bxf7+ Kh8 25. Qh5 Qxh5 26. Bxh5 Bb2 27. Rc4
Bxa3 28. Rxe4 a5 29. f6 g6 30. f7 Kg7 31. Bg4 Bxb4 32. Bxc8 1-0

[Event "XI GRAN TORNEO INTERNACIONAL AFICIONADOS"]
[Site "Benidorm (Alicante - SPAIN)"]
[Date "2012.12.02"]
[Round "3"]
[White "Blanco, Juan"]
[Black "Armelles Ferrer, Miguel"]
[Result "1-0"]
[WhiteElo "1963"]
[BlackElo "1852"]
[PlyCount "83"]
[EventDate "2012.11.30"]
[EventRounds "10"]
[EventCountry "ESP"]

1. e4 c5 2. Nf3 Nc6 3. d4 cxd4 4. Nxd4 e6 5. Nb5 d6 6. c4 a6 7. N5c3 Nf6 8. Be3
Be7 9. Nd2 O-O 10. Be2 b6 11. O-O Nb8 12. Bf3 Ra7 13. a4 Rd7 14. Qb3 Bb7 15.
Bxb6 Qc8 16. a5 Nc6 17. g3 Ne5 18. Bg2 Qa8 19. f4 Neg4 20. h3 Nh6 21. g4 Nhxg4
22. hxg4 Nxg4 23. Bf3 Nf6 24. Rad1 d5 25. cxd5 exd5 26. exd5 Nxd5 27. Nxd5 Bxd5
28. Bxd5 Rxd5 29. Qf3 Qc6 30. Nb3 Qg6+ 31. Qg2 Rxd1 32. Rxd1 Qf5 33. Bd4 g6 34.
Be5 Rc8 35. Rc1 Re8 36. Nd4 Qd3 37. Rc3 Qd1+ 38. Qf1 Qg4+ 39. Kh2 Bb4 40. Rg3
Qc8 41. Qh3 Qc1 42. Qxh7+ 1-0

[Event "XI GRAN TORNEO INTERNACIONAL AFICIONADOS"]
[Site "Benidorm (Alicante - SPAIN)"]
[Date "2012.12.02"]
[Round "3"]
[White "Stefanov, Evtim"]
[Black "Olmos Rosa, Fernando"]
[Result "1-0"]
[WhiteElo "1963"]
[BlackElo "1818"]
[PlyCount "59"]
[EventDate "2012.11.30"]
[EventRounds "10"]
[EventCountry "ESP"]

1. e4 c5 2. Nc3 Nc6 3. g3 d6 4. Bg2 Nf6 5. d3 g6 6. f4 Bd7 7. Nf3 Bg7 8. O-O
O-O 9. h3 a6 10. g4 Kh8 11. f5 h6 12. g5 Ng8 13. Nh4 Bd4+ 14. Kh1 Kh7 15. Ne2
e6 16. Nxd4 cxd4 17. f6 Qa5 18. Bd2 Qc5 19. Nf3 Ne5 20. b4 Qb6 21. Nxe5 dxe5
22. h4 Rfc8 23. a4 Qc7 24. Ra2 b6 25. h5 Be8 26. Bh3 Qd6 27. hxg6+ fxg6 28. f7
Bc6 29. fxg8=Q+ Rxg8 30. Rf6 1-0

[Event "XI GRAN TORNEO INTERNACIONAL AFICIONADOS"]
[Site "Benidorm (Alicante - SPAIN)"]
[Date "2012.12.02"]
[Round "3"]
[White "Pastor Briones, Jose"]
[Black "Rodriguez Marcos, Jose R"]
[Result "0-1"]
[WhiteElo "1883"]
[BlackElo "1962"]
[PlyCount "68"]
[EventDate "2012.11.30"]
[EventRounds "10"]
[EventCountry "ESP"]

1. e4 c5 2. Nc3 d6 3. f4 Nf6 4. Nf3 a6 5. g3 Nc6 6. d3 e6 7. Bg2 Be7 8. O-O Qc7
9. Kh1 Nd4 10. Be3 e5 11. h3 h5 12. fxe5 dxe5 13. Bg5 Be6 14. Qd2 Nxf3 15. Rxf3
Qd7 16. Kh2 b5 17. Bxf6 Bxf6 18. Nd5 Bd8 19. c4 h4 20. Qf2 Bxd5 21. exd5 e4 22.
Qe3 hxg3+ 23. Kg1 O-O 24. Qxe4 Qd6 25. Qg4 Bf6 26. Qf4 Qxf4 27. Rxf4 Bxb2 28.
Rb1 Bd4+ 29. Kh1 b4 30. h4 a5 31. Bf3 Ra6 32. h5 Rd6 33. Kg2 a4 34. h6 g6 {
Irreproducible} 0-1

[Event "XI GRAN TORNEO INTERNACIONAL AFICIONADOS"]
[Site "Benidorm (Alicante - SPAIN)"]
[Date "2012.12.02"]
[Round "3"]
[White "Blondel, Jerome"]
[Black "Oualili, Abdelali"]
[Result "1/2-1/2"]
[WhiteElo "1872"]
[BlackElo "1953"]
[PlyCount "82"]
[EventDate "2012.11.30"]
[EventRounds "10"]
[EventCountry "ESP"]

1. Nf3 d5 2. d4 Nf6 3. Bf4 e6 4. e3 Bd6 5. Ne5 O-O 6. Bd3 c5 7. c3 c4 8. Bc2 b5
9. b3 Bb7 10. Qf3 Qc7 11. a4 a6 12. axb5 axb5 13. Rxa8 Bxa8 14. bxc4 bxc4 15.
O-O Ne4 16. Bxe4 dxe4 17. Qe2 Bd5 18. Nd2 Bxe5 19. Bxe5 Qc6 20. f3 f5 21. fxe4
Bxe4 22. Nxe4 Qxe4 23. Qf3 Nd7 24. Qxe4 fxe4 25. Rb1 Nxe5 26. dxe5 Rf5 27. Rb4
Rxe5 28. Rxc4 Kf7 29. Kf2 Kf6 30. g4 h5 31. h3 hxg4 32. hxg4 Kg5 33. Kg3 g6 34.
Rb4 Kf6 35. Kh4 Rc5 36. Rxe4 Rxc3 37. g5+ Kf5 38. Rf4+ Ke5 39. Rf6 Rxe3 40.
Rxg6 Re1 41. Rf6 Rh1+ 1/2-1/2

[Event "XI GRAN TORNEO INTERNACIONAL AFICIONADOS"]
[Site "Benidorm (Alicante - SPAIN)"]
[Date "2012.12.02"]
[Round "3"]
[White "Garcia Sanchez, Jose Manuel"]
[Black "Aprea, Daniele"]
[Result "0-1"]
[WhiteElo "1865"]
[BlackElo "1946"]
[PlyCount "76"]
[EventDate "2012.11.30"]
[EventRounds "10"]
[EventCountry "ESP"]

1. e4 e6 2. d4 d5 3. e5 c5 4. c3 Qb6 5. Nf3 Nc6 6. Bd3 cxd4 7. cxd4 Bd7 8. Bc2
Nh6 9. O-O Nf5 10. Bxf5 exf5 11. Nc3 Be6 12. a3 Rc8 13. Na4 Qd8 14. b4 Be7 15.
Bd2 O-O 16. Rc1 f6 17. b5 Na5 18. Rxc8 Bxc8 19. Nc5 Nc4 20. a4 fxe5 21. Bc3 e4
22. Nd2 Nxd2 23. Qxd2 f4 24. Qa2 Kh8 25. f3 b6 26. Nb3 e3 27. Nc1 Bf5 28. Ne2
Bd3 29. Rd1 Bc4 30. Qb2 Bh4 31. Nc1 Bf2+ 32. Kh1 Qh4 33. Qb4 Rf5 34. h3 h6 35.
Qd6 Rh5 36. Qf8+ Kh7 37. Qf7 Rg5 38. Bb4 Qg3 0-1

[Event "XI GRAN TORNEO INTERNACIONAL AFICIONADOS"]
[Site "Benidorm (Alicante - SPAIN)"]
[Date "2012.12.02"]
[Round "3"]
[White "Young, Mel J"]
[Black "Borja Perez, Jose"]
[Result "1/2-1/2"]
[WhiteElo "1863"]
[BlackElo "1944"]
[PlyCount "66"]
[EventDate "2012.11.30"]
[EventRounds "10"]
[EventCountry "ESP"]

1. e4 e5 2. f4 d6 3. Nf3 Nd7 4. Bc4 Be7 5. O-O c6 6. fxe5 dxe5 7. d4 Ngf6 8.
dxe5 Qb6+ 9. Kh1 Nxe4 10. Qe2 f5 11. exf6 Ndxf6 12. Ne5 Bd7 13. Bf7+ Kd8 14.
Nxd7 Kxd7 15. Nc3 Nxc3 16. Qe6+ Kd8 17. bxc3 Qc5 18. Rd1+ Nd5 19. c4 Qxc4 20.
Bg5 Qc5 21. Bxe7+ Qxe7 22. c4 Rf8 23. cxd5 Rxf7 24. dxc6+ Ke8 25. cxb7 Rb8 26.
Qc6+ Kf8 27. Rab1 g6 28. Qc8+ Qe8 29. Qc5+ Qe7 30. Qxa7 Rxb7 31. Rxb7 Qxb7 32.
Rd8+ Kg7 33. Qd4+ Kh6 1/2-1/2

[Event "XI GRAN TORNEO INTERNACIONAL AFICIONADOS"]
[Site "Benidorm (Alicante - SPAIN)"]
[Date "2012.12.02"]
[Round "3"]
[White "Teran Pereda, Luis"]
[Black "Rucsandescu, Dan"]
[Result "1/2-1/2"]
[WhiteElo "1838"]
[BlackElo "1939"]
[PlyCount "61"]
[EventDate "2012.11.30"]
[EventRounds "10"]
[EventCountry "ESP"]

1. d4 d5 2. c4 c6 3. Nc3 Nf6 4. Nf3 e6 5. Bg5 Nbd7 6. e3 Be7 7. Bd3 O-O 8. O-O
dxc4 9. Bxc4 Nd5 10. Bxe7 Qxe7 11. Rc1 Nxc3 12. Rxc3 e5 13. dxe5 Nxe5 14. Nxe5
Qxe5 15. Qd2 Bf5 16. Rd1 Qe7 17. Rcc1 Bg4 18. Be2 Rad8 19. Qc2 Bxe2 20. Qxe2 g6
21. Rxd8 Rxd8 22. Rd1 Rd6 23. Kf1 Rxd1+ 24. Qxd1 Qe4 25. Qd8+ Kg7 26. Qd4+ Qxd4
27. exd4 Kf6 28. Ke2 Ke6 29. Kd3 Kd5 30. b3 f5 31. f3 1/2-1/2

[Event "XI GRAN TORNEO INTERNACIONAL AFICIONADOS"]
[Site "Benidorm (Alicante - SPAIN)"]
[Date "2012.12.02"]
[Round "3"]
[White "Delgado Lozano, Jose Manuel"]
[Black "Flamee, Dirk"]
[Result "0-1"]
[WhiteElo "1934"]
[BlackElo "1813"]
[PlyCount "70"]
[EventDate "2012.11.30"]
[EventRounds "10"]
[EventCountry "ESP"]

1. d4 d5 2. Nf3 Nf6 3. c4 c6 4. Nc3 dxc4 5. a4 Bf5 6. e3 e6 7. Bxc4 Bb4 8. O-O
Nbd7 9. Bd2 Nb6 10. Be2 a5 11. Nh4 O-O 12. f3 h6 13. Nxf5 exf5 14. Qc2 Qd7 15.
Bd3 f4 16. Kh1 fxe3 17. Bxe3 Nbd5 18. Bf2 Bd6 19. Bf5 Qc7 20. Ne4 Bxh2 21. g3
Nxe4 22. fxe4 Nb4 23. Qc3 g6 24. Bh3 f5 25. d5 fxe4 26. Be6+ Kh7 27. Bc5 Nxd5
28. Bxf8 Nxc3 29. Kxh2 Ne2 30. Rad1 Qxg3+ 31. Kh1 Qh4+ 32. Kg2 Qg5+ 33. Kh2
Qe5+ 34. Kg2 Qxe6 35. Rd6 Qg4+ 0-1

[Event "XI GRAN TORNEO INTERNACIONAL AFICIONADOS"]
[Site "Benidorm (Alicante - SPAIN)"]
[Date "2012.12.02"]
[Round "3"]
[White "Aguado Crespo, Antonio"]
[Black "Esquerdo Nogueroles, Gaspar"]
[Result "0-1"]
[WhiteElo "1796"]
[BlackElo "1927"]
[PlyCount "60"]
[EventDate "2012.11.30"]
[EventRounds "10"]
[EventCountry "ESP"]

1. e4 c5 2. Nf3 d6 3. Bc4 e6 4. d3 Nf6 5. Bg5 Be7 6. Nc3 O-O 7. O-O a6 8. a4
Nc6 9. h3 h6 10. Bh4 d5 11. exd5 Nxd5 12. Bxe7 Ndxe7 13. Ne4 b6 14. Qd2 Qc7 15.
Nh4 Bb7 16. Rae1 Rad8 17. f4 Nd4 18. Ng3 g5 19. Nh5 gxh4 20. Nf6+ Kg7 21. f5
Ndxf5 22. Nh5+ Kh8 23. Rf4 Rd4 24. Rg4 Rg8 25. Nf6 Rg6 26. c3 Rdxg4 27. hxg4
Rxf6 28. gxf5 Nxf5 29. Rf1 Rg6 30. Rf2 h3 0-1

[Event "XI GRAN TORNEO INTERNACIONAL AFICIONADOS"]
[Site "Benidorm (Alicante - SPAIN)"]
[Date "2012.12.02"]
[Round "3"]
[White "Gomez Sanjuan, Hector Fernando"]
[Black "Navarro Molina, Carmelo Jose"]
[Result "0-1"]
[WhiteElo "1600"]
[BlackElo "1919"]
[PlyCount "64"]
[EventDate "2012.11.30"]
[EventRounds "10"]
[EventCountry "ESP"]

1. d4 d5 2. c4 dxc4 3. e4 Nc6 4. Nf3 Bg4 5. d5 Ne5 6. Bf4 Ng6 7. Bg3 Nf6 8. Nc3
e6 9. Bxc4 exd5 10. Bxd5 c6 11. Bb3 Bb4 12. e5 Qxd1+ 13. Rxd1 Ne4 14. Rd3 O-O
15. O-O Bxf3 16. gxf3 Nxg3 17. fxg3 Nxe5 18. Rdd1 Rad8 19. Ne4 Rxd1 20. Bxd1
Rd8 21. a3 Be7 22. b4 Nc4 23. Be2 Nxa3 24. f4 Bxb4 25. f5 f6 26. g4 h6 27. h4
Nb5 28. Rb1 a5 29. Bc4+ Kf8 30. g5 Rd4 31. Bxb5 cxb5 32. Nf2 hxg5 0-1

[Event "XI GRAN TORNEO INTERNACIONAL AFICIONADOS"]
[Site "Benidorm (Alicante - SPAIN)"]
[Date "2012.12.02"]
[Round "3"]
[White "Jaumandreu Llopis, Antonio"]
[Black "Cohen, Avi"]
[Result "1/2-1/2"]
[WhiteElo "1553"]
[BlackElo "1910"]
[PlyCount "35"]
[EventDate "2012.11.30"]
[EventRounds "10"]
[EventCountry "ESP"]

1. e4 d6 2. d4 Nf6 3. Bd3 e5 4. Nf3 Bg4 5. c3 Bxf3 6. Qxf3 Nbd7 7. O-O Be7 8.
Nd2 c6 9. Re1 O-O 10. Nf1 Re8 11. Ng3 g6 12. h4 h5 13. Bc4 Nb6 14. Bb3 Qd7 15.
Bg5 Qg4 16. Re3 Qxf3 17. Rxf3 Kg7 18. Rd1 1/2-1/2

[Event "XI GRAN TORNEO INTERNACIONAL AFICIONADOS"]
[Site "Benidorm (Alicante - SPAIN)"]
[Date "2012.12.02"]
[Round "3"]
[White "Trabazos Gallego, Javier"]
[Black "Perez Gisbert, Santiago"]
[Result "1-0"]
[WhiteElo "1909"]
[BlackElo "1615"]
[PlyCount "65"]
[EventDate "2012.11.30"]
[EventRounds "10"]
[EventCountry "ESP"]

1. e4 e6 2. b3 d5 3. Bb2 c5 4. exd5 exd5 5. Bb5+ Bd7 6. Qe2+ Qe7 7. Bxd7+ Nxd7
8. Qxe7+ Nxe7 9. Nf3 Nc6 10. O-O f6 11. a3 Bd6 12. Nc3 d4 13. Ne4 Bc7 14. Rfe1
O-O 15. Re2 b6 16. Rae1 Rae8 17. d3 Nce5 18. Nfd2 Kf7 19. h3 Re7 20. f4 Nc6 21.
Nc4 Kg6 22. f5+ Kh6 23. Bc1+ g5 24. h4 Rg8 25. Nxf6 Nxf6 26. hxg5+ Kh5 27. Rxe7
Nxe7 28. Rxe7 Nd5 29. Rxh7+ Kg4 30. Rd7 Bf4 31. Bxf4 Nxf4 32. f6 Kxg5 33. Rg7+
1-0

[Event "XI GRAN TORNEO INTERNACIONAL AFICIONADOS"]
[Site "Benidorm (Alicante - SPAIN)"]
[Date "2012.12.02"]
[Round "3"]
[White "Correia, Sandra Ventura"]
[Black "Zamora Soler, Raul"]
[Result "0-1"]
[WhiteElo "1797"]
[BlackElo "1998"]
[PlyCount "58"]
[EventDate "2012.11.30"]
[EventRounds "10"]
[EventCountry "ESP"]

1. e4 e6 2. d4 d5 3. Nc3 Bb4 4. e5 Ne7 5. Bd2 c5 6. Nb5 Bxd2+ 7. Qxd2 O-O 8. f4
a6 9. Nd6 cxd4 10. Nf3 Nbc6 11. Bd3 f5 12. O-O-O Qb6 13. a3 Bd7 14. h3 Nc8 15.
g4 Nxd6 16. exd6 Qc5 17. Ne5 Qxd6 18. Nxd7 Qxd7 19. gxf5 exf5 20. Rhg1 Rae8 21.
Rg5 Rf6 22. Rdg1 Re7 23. Qg2 Kh8 24. h4 h6 25. Rg3 b5 26. Be2 Na5 27. Bf3 Nc4
28. h5 Ne3 29. Qe2 Qc7 0-1

[Event "XI GRAN TORNEO INTERNACIONAL AFICIONADOS"]
[Site "Benidorm (Alicante - SPAIN)"]
[Date "2012.12.03"]
[Round "4"]
[White "Aprea, Daniele"]
[Black "Sumin, Vladyslav"]
[Result "1-0"]
[WhiteElo "1946"]
[BlackElo "1983"]
[PlyCount "123"]
[EventDate "2012.11.30"]
[EventRounds "10"]
[EventCountry "ESP"]

1. d4 Nf6 2. c4 c5 3. d5 b5 4. cxb5 a6 5. bxa6 g6 6. Nc3 Bxa6 7. e4 Bxf1 8.
Kxf1 d6 9. g3 Nbd7 10. Kg2 Bg7 11. Nf3 O-O 12. Re1 Ra6 13. Qc2 Qa8 14. a4 Rb8
15. Rb1 Ne8 16. b3 Nc7 17. Bf4 Rab6 18. Nd2 Qb7 19. g4 Na6 20. Nb5 Nb4 21. Qc4
Ne5 22. Bxe5 Bxe5 23. Nf1 Qd7 24. Ne3 R6b7 25. h3 Qd8 26. Re2 Qf8 27. Nc2 Nxc2
28. Rxc2 Qh6 29. Qd3 Qf4 30. Rh1 h5 31. Qf3 Qg5 32. Kf1 h4 33. Kg2 Kg7 34. Qe3
Bf4 35. Qc3+ Kh7 36. Qd3 e6 37. Re1 exd5 38. Qxd5 Qf6 39. Qd3 Be5 40. Qf3 Qe6
41. Qd3 Kg7 42. Rce2 Rd7 43. Rd1 Qf6 44. Qf3 Qe6 45. Qd3 Rf8 46. Ree1 Qf6 47.
Qf3 Qg5 48. Qe3 Bf4 49. Qc3+ Kg8 50. Rd5 Qe7 51. Qf3 Be5 52. Rd3 f5 53. exf5
gxf5 54. Qd5+ Rf7 55. f4 fxg4 56. fxe5 gxh3+ 57. Kxh3 Qg5 58. e6 Rf5 59. e7+
Kh7 60. e8=Q Rg7 61. Qee4 Rg6 62. Qdxf5 1-0

[Event "XI GRAN TORNEO INTERNACIONAL AFICIONADOS"]
[Site "Benidorm (Alicante - SPAIN)"]
[Date "2012.12.03"]
[Round "4"]
[White "Tonus, Alex"]
[Black "Albers, Andreas"]
[Result "0-1"]
[WhiteElo "1980"]
[BlackElo "1937"]
[PlyCount "101"]
[EventDate "2012.11.30"]
[EventRounds "10"]
[EventCountry "ESP"]

1. e4 e6 2. d4 d5 3. Nc3 Nf6 4. Bg5 Be7 5. e5 Nfd7 6. h4 O-O 7. Qg4 f5 8. Qg3
c5 9. Nf3 Nc6 10. O-O-O cxd4 11. Nb5 Nc5 12. Bxe7 Qxe7 13. Nd6 Nd7 14. Bb5 f4
15. Qg5 Qxg5 16. hxg5 Ndxe5 17. Nxe5 Nxe5 18. Rhe1 Nc6 19. Bxc6 bxc6 20. Nxc8
Raxc8 21. Rxd4 Rce8 22. Ra4 Re7 23. Ra6 Rc8 24. Re5 g6 25. Kd2 Kg7 26. Ke2 h6
27. Kf3 hxg5 28. Rxg5 e5 29. g3 fxg3 30. Rxg3 Rec7 31. Ke3 Rb8 32. b3 Rb6 33.
Ra4 c5 34. f4 exf4+ 35. Kxf4 Rb4+ 36. Rxb4 cxb4 37. Rg2 Kf6 38. Ke3 g5 39. Kd4
Kf5 40. Kxd5 Kf4 41. Kd6 Rc3 42. Rd2 Kf3 43. Rd4 Rxc2 44. Rxb4 Rxa2 45. Rc4 g4
46. Ke5 g3 47. Rf4+ Ke3 48. b4 g2 49. Rg4 Kf2 50. Rf4+ Kg3 51. Kd4 0-1

[Event "XI GRAN TORNEO INTERNACIONAL AFICIONADOS"]
[Site "Benidorm (Alicante - SPAIN)"]
[Date "2012.12.03"]
[Round "4"]
[White "Cuevas Silva, Angel"]
[Black "Cardenas, Fernando Adrian"]
[Result "0-1"]
[WhiteElo "1928"]
[BlackElo "1980"]
[PlyCount "60"]
[EventDate "2012.11.30"]
[EventRounds "10"]
[EventCountry "ESP"]

1. e4 c5 2. Nf3 d6 3. d4 cxd4 4. Nxd4 Nf6 5. Nc3 a6 6. Be2 e5 7. Nb3 Be6 8. Be3
b5 9. O-O Nbd7 10. f3 Be7 11. a3 Qc7 12. f4 Nb6 13. f5 Bc4 14. Nd2 Bxe2 15.
Qxe2 d5 16. exd5 Nbxd5 17. Nde4 Nxe3 18. Qxe3 Qa7 19. Qxa7 Rxa7 20. Rfe1 Nxe4
21. Rxe4 f6 22. Rd1 Rd7 23. Rg4 Rxd1+ 24. Nxd1 Kf7 25. Kf1 g6 26. fxg6+ hxg6
27. h3 Rd8 28. Ke2 f5 29. Rg3 e4 30. Nc3 Bh4 0-1

[Event "XI GRAN TORNEO INTERNACIONAL AFICIONADOS"]
[Site "Benidorm (Alicante - SPAIN)"]
[Date "2012.12.03"]
[Round "4"]
[White "Busto Prendes, Abel"]
[Black "Marquez Bernal, Florencio"]
[Result "0-1"]
[WhiteElo "1973"]
[BlackElo "1922"]
[PlyCount "104"]
[EventDate "2012.11.30"]
[EventRounds "10"]
[EventCountry "ESP"]

1. d4 Nf6 2. Nf3 g6 3. Bf4 d6 4. e3 Nh5 5. Bg3 Nxg3 6. hxg3 Bg7 7. Bd3 c5 8. c3
Qb6 9. Qc2 Nd7 10. Nbd2 Nf6 11. O-O O-O 12. Rfe1 Bd7 13. Rac1 Rac8 14. Qb1 Rfe8
15. Nc4 Qc7 16. Ncd2 Qb6 17. Nc4 Qc7 18. Ncd2 b5 19. e4 e5 20. b3 Qb6 21. dxe5
dxe5 22. c4 a6 23. Nf1 Ng4 24. N3h2 Bh6 25. Rcd1 Rcd8 26. Be2 Nxh2 27. Kxh2 Qf6
28. Kg1 Bc6 29. Qc2 b4 30. Bf3 Re6 31. Ne3 Bxe3 32. Rxe3 Red6 33. Red3 Rd4 34.
Rxd4 exd4 35. e5 Qe6 36. Bxc6 Qxc6 37. Qd3 a5 38. f4 a4 39. f5 gxf5 40. Rf1 Qe4
41. Qd2 Qe3+ 42. Qxe3 dxe3 43. Re1 axb3 44. axb3 Rd3 45. Rb1 Kf8 46. Kf1 Ke7
47. Ke2 Rc3 48. Rd1 Ke6 49. Rd3 Rxd3 50. Kxd3 Kxe5 51. Kxe3 h5 52. Kd3 f4 0-1